Los grandes matemáticos / (Record no. 178050)

MARC details
000 -LEADER
campo de control de longitud fija 00853nam a22002535i 4500
001 - NÚMERO DE CONTROL
campo de control 178050
003 - IDENTIFICADOR DE NÚMERO DE CONTROL
campo de control ES-MaACL
005 - FECHA Y HORA DE LA ÚLTIMA TRANSACCIÓN
campo de control 20250903025152.0
008 - DATOS DE LONGITUD FIJA--INFORMACIÓN GENERAL
campo de control de longitud fija 110516s1968 sp |||| | spa d
080 ## - NÚMERO DE LA CLASIFICACIÓN DECIMAL UNIVERSAL
Número de la Clasificación Decimal Universal 51(091)
080 ## - NÚMERO DE LA CLASIFICACIÓN DECIMAL UNIVERSAL
Número de la Clasificación Decimal Universal 929(100):51
100 1# - ENTRADA PRINCIPAL--NOMBRE DE PERSONA
Nombre de persona Turnbull, Herbert Western.
9 (RLIN) 146532
245 14 - MENCIÓN DEL TÍTULO
Título Los grandes matemáticos /
Mención de responsabilidad, etc. H. W. Turnbull ; [traducción de Enrique Obregón].
250 ## - MENCION DE EDICION
Mención de edición 1ª ed.
260 ## - PUBLICACIÓN, DISTRIBUCIÓN, ETC.
Lugar de publicación, distribución, etc. Barcelona :
Nombre del editor, distribuidor, etc. Credsa,
Fecha de publicación, distribución, etc. 1968.
300 ## - DESCRIPCIÓN FÍSICA
Extensión 218 p. ;
Dimensiones 18 cm.
490 1# - MENCIÓN DE SERIE
Mención de serie Panoramas A-Z. La universidad en su mano ;
Designación de volumen o secuencia 43
650 04 - PUNTO DE ACCESO ADICIONAL DE MATERIA--TÉRMINO DE MATERIA
Término de materia o nombre geográfico como elemento de entrada Matemáticas-
Subdivisión de forma Historia
9 (RLIN) 14826
650 04 - PUNTO DE ACCESO ADICIONAL DE MATERIA--TÉRMINO DE MATERIA
Término de materia o nombre geográfico como elemento de entrada Matemáticos-
Subdivisión general Biografías
9 (RLIN) 14840
700 0# - ENTRADA AGREGADA--NOMBRE PERSONAL
Nombre de persona Obregón, Enrique de.
9 (RLIN) 86425
830 0# - PUNTO DE ACCESO ADICIONAL DE SERIE-TÍTULO UNIFORME
Título uniforme Panoramas A-Z. La universidad en su mano ;
Designación de volumen o secuencia 43
9 (RLIN) 190680
852 ## - LOCALIZACIÓN
Ubicación ES-MaACL
Número de control de estantería E-15093
Encuadernación Olim P-269-bis
Holdings
Estatus retirado Estado de pérdida Estado de daño No para préstamo Biblioteca de origen Biblioteca actual Ubicación en estantería Fecha de adquisición Fuente de adquisición Total de préstamos Signatura topográfica completa Código de barras Visto por última vez Precio de reemplazo Tipo de ítem Koha
        Biblioteca del Ateneo de Madrid Biblioteca del Ateneo de Madrid Depósito 2 16/05/2011     E-15093 1187042 23/02/2023 23/02/2023 Libro impreso